| 000 | 00775nam a22002297a 4500 | ||
|---|---|---|---|
| 999 |
_c1644 _d1644 |
||
| 003 | AR-CdUCM | ||
| 008 | 190227b ||||| |||| 00| 0 spa d | ||
| 040 |
_aMUNICIPALIDAD PROVINCIAL DEL CUSCO _cBIBLIOTECA MUNICIPAL DEL CUSCO |
||
| 082 |
_a869.09 / _bM26 |
||
| 100 |
_aMarinello, Juan _96121 |
||
| 245 | _aSobre el modernismo | ||
| 260 |
_aMéxico : _bUniversidad Nacional autónoma de México, Dirección general de publicaciones, _c1959. |
||
| 300 |
_a95 páginas ; _c18cm. |
||
| 505 | _aNota - Que cosa fue el Modernismo - Réplica - Definición | ||
| 650 |
_aLiteratura. _983 |
||
| 650 |
_aMéxico. _918 |
||
| 650 |
_aCorriente literaria. _96122 |
||
| 650 |
_aHispano-américa. _96123 |
||
| 650 |
_aLetras. _96124 |
||
| 942 |
_2ddc _cLIBROS |
||
| 945 |
_admma _d2019-02-27 |
||